MDQL
is popping MORE tags! Check the
thread
!
Quizzes
Events
Quiz Creation
Community
Videos
Private Events
Remove Ads
Sign In
Join for FREE
Feedback
Dark Mode
Quiz Categories
Sports
Geography
Music
Movies
Television
Just For Fun
Miscellaneous
History
Literature
Language
Science
Gaming
Entertainment
Religion
Holiday
For Kids
Quiz Lab
Recent
Popular Today
Quiz Kudos Today
Editor Picks
Curator Picks
Quizzes by...
Day
Popularity
Type
Ratings
Length
Year
Community
Subscriptions
Recent Discussions
Orange Saloon
Badges
Playlists
Quests
Create
Leaderboards
Showdown
Live 5
Trivia Bingo
Activity
Puzzle Library
Sporcle Events
Private Events
Virtual Trivia
Globe League
Become a Host
Pub Owners
SporcleCon
Opinionation
Our Games
Videos
Blog
Mobile Apps
Partnerships
Remove Ads and Go Orange
Feedback
Sports
Athletes
MLB
NBA
NHL
NFL
Soccer
Sports Teams
WWE
NCAA
Football
Premier League
Basketball
Baseball
Hockey
Golf
Tennis
Cricket
Rugby
Auto Racing
Olympics
World Cup
Sports
Athletes
MLB
NBA
NHL
NFL
Soccer
Sports Teams
WWE
NCAA
Football
Premier League
Basketball
Baseball
Hockey
Golf
Tennis
Cricket
Rugby
Auto Racing
Olympics
World Cup
Random Quiz
Search Sporcle
×
Quiz Lab
Quiz Lab
Sports
WWE
Type in answers that appear in a list
Type in answers that appear in a list
Classic
Best Score? Go Orange.
WWE Big 4 PPV Opponents of Kevin Nash Stats
Can you name the WWE Big 4 PPV Opponents of Kevin Nash/Diesel?
By
cp420music
6m
24 Questions
861 Plays
861 Plays
861 Plays
Comments
Comments
Give Quiz Kudos
Give Quiz Kudos
-
- Ratings
hide this ad
More Info
Replay
Link that replays current quiz
Next Quiz
Link to next quiz in quiz playlist
You Got
0%
They Got
Avg Score
78%
Avg Friend Score
Upgrade to see
Score Distribution
Jump to the score distribution portion of the page
Score
0/24
Timer
06:00
0
Plays Today
% Correct
Royal Rumble won by Lex Luger & Bret Hart (Diesel eliminated by Bam Bam Bigelow, Mabel, Sparky Plugg, Shawn Michaels & Crush)
99.4%
Royal Rumble won by Shawn Michaels (last eliminated Diesel)
99.1%
Shawn Michaels
99.1%
Shawn Michaels
99.1%
Triple H
95.6%
The Undertaker
95.1%
Bret Hart
93.3%
Bret Hart
93.3%
Razor Ramon
86.5%
Razor Ramon
86.5%
Razor Ramon
86.5%
Royal Rumble won by Batista (Nash eliminated by Roman Reigns)
81.9%
% Correct
Chris Jericho
81.3%
Goldberg
79.6%
King Mabel
79.4%
Randy Orton
78.5%
Royal Rumble won by Alberto Del Rio (Diesel eliminated by Wade Barrett)
75.3%
The 1-2-3 Kid
69.7%
The 1-2-3 Kid
69.7%
The British Bulldog
58.7%
Randy Savage
53.7%
Marty Jannetty
48.9%
Fatu
47.6%
Sione
36%
Quiz Playlist
Details
Report
Send in Message
Add To Playlist
More Info:
For Royal Rumble matches, both the winner of the match or the wrestler that eliminated Nash are acceptable answers.
Classic:
Type in answers that appear in a list
Quiz Source
Last Updated: Feb 16, 2017
Quiz Scoreboard
CHALLENGE
Sign Up to Join the Scoreboard
Show All
Scores
Hide
Comments
May contain spoilers
Recently Published
Holiday 10x10 Sorting Gallery
by lukepisani3
Holiday
15m
Two Season TV Shows II
by 123Four
Television
10m
Image Sorting: Flags VI
by Barbecue
Geography
2m
More to Explore
Quiz From the Vault
Featured Blog Post
14 Easter Pick-up Lines to Find Eggs With
hide this ad
You Might Also Like...
Tags
WWE Quiz
Big 4
diesel
Kevin Nash
PPV
PPV Opponents
Royal Rumble
Summerslam
Survivor Series
Wrestlemania
WWF
Today's Top Quizzes in Sports
Browse Sports
hide this ad
Today's Top Quizzes in WWE
Browse WWE
Top Contributed Quizzes in Sports
1
Les meilleurs buteurs des matchs entre le PSG et l’OM
2
Les entraîneurs de l'OM et du PSG au 21e siècle
3
2022 World Cup Stars
4
Les joueurs passés par le PSG et l'OM
5
Players with Multiple 50 Home Run Seasons
6
FIFA Club World Cup Champions
7
Criteria MLB: Left Handed Sluggers
8
Les joueurs passés par le LOSC et le RC Lens
9
Top 10 NHL Goal Scorers of All Time
10
NBA Logic Puzzle 2.0
Explore More
Trending Topics
NBA
Anime
Crossword
Kpop
Disney
Harry Potter
Marvel
The Office
Song
Pokémon
Soccer
Country
Puzzle
WWE
NFL
hide this ad
More By:
cp420music
Quiz
Plays
Rating
Category
Featured
Created
WWE Big 4 PPV Opponents of The Undertaker
120,557
4.35
Sports
Sep 4, 2014
WWE Big 4 PPV Opponents of Chris Jericho
12,000
4.94
Sports
Sep 20, 2014
WWE WrestleMania Champions
10,591
4.78
Sports
Aug 26, 2014
WWE Big 4 PPV Opponents of Brock Lesnar
9,492
4.65
Sports
Nov 11, 2014
WWE Big 4 PPV Opponents of Edge
8,619
4.40
Sports
Sep 6, 2014
Go to Creator's Profile
Score Distribution
Quiz Creator Spotlight
cp420music
Follow
Send a Message
Quizzes Created
-
Created Quiz Play Count
-
More By This Creator
Popular Quizzes Today
1
Find the US States - No Outlines Minefield
2
Colored Red Africa Blitz
3
Find the 'City' Movie
4
The Countries of the World
5
5x2 Blitz: Bands
6
Find the Countries of Europe - No Outlines Minefield
7
Find the US States
8
US States
More Sports Quizzes
Baseball America's Top 10 Prospects - 1991-2019
Quiz Lab
Trending Quizzes
Colored Red Europe Blitz I
Colored Red Africa Blitz II
Colored Red Europe Blitz II
Even More Two Season TV Shows
Colored Red Africa Blitz III
Recently Updated
Odd Team Out - Big 4 Players
pecheneg
Quick Pick: 20 Twenties
pecheneg
March Madness Men's Triple Doubles
pecheneg
How Do You Spell That?
pecheneg
Godzilla Movies
pecheneg
Grab Bag: 4-10 Letters
pecheneg
2024 March Madness Bracket
pecheneg
Famous TV Couples
Peacemaker
Champions League XIs: Real Madrid
pecheneg
Largest US Cities 1790-2010
pecheneg
Trending Topics
Disney
Harry Potter
Anime
NBA
Kpop
Crossword
Marvel
Soccer
Pokémon
The Office
Country
Song
WWE
Puzzle
NFL
Your Account Isn't Verified!
In order to create a playlist on Sporcle, you need to verify the email address you used during registration. Go to your
Sporcle Settings
to finish the process.
Report this User
Report this user for behavior that violates our
Community Guidelines
.
Details:
Send Report
Go to the Sporcle.com Mobile Site →
Comments